000 00457nam a22001817a 4500
003 MPLRDC
005 20220104143658.0
008 210129b ||||| |||| 00| 0 eng d
020 _a957-607-511-4
082 _a580.3 TURO
100 _aSCOTT TUROW
245 _a哈佛新鲜人:我在法学院的故事
_c傅士哲译
250 _a初版
260 _a
_b先觉
_c2000
300 _b
650 _a法学教育及研究
942 _cBK
_o580.3 TURO
999 _c42268
_d42258